[Event "zonal 1.5"]
[Site "Panormo GRE"]
[Date "1998.10.26"]
[Round "3"]
[White "Nikolaidis, Konstantinos"]
[Black "Minasian, Artashes"]
[Result "1/2-1/2"]
[WhiteElo "2335"]
[BlackElo "2620"]
[EventDate "1998.10.24"]
[PlyCount "119"]

1.e4 b6 2.d4 Bb7 3.Nc3 e6 4.Nf3 Bb4 5.Bd3 Nf6 6.Bg5 h6 7.Bxf6 Qxf6 8.O-O 
Bxc3 9.bxc3 d6 10.Nd2 g5 11.Qe2 e5 12.Qe3 Nd7 13.Bb5 O-O-O 14.a4 a5 15.
Rab1 Rhe8 16.Rfe1 Qg6 17.Qd3 Kb8 18.Bxd7 Rxd7 19.Qb5 Ree7 20.Nc4 exd4 21.
Nxa5 d5 22.Nxb7 Kxb7 23.exd5 Rxe1+ 24.Rxe1 Rd6 25.a5 Qxc2 26.cxd4 Qc3 27.
a6+ Ka7 28.Rd1 f5 29.h3 g4 30.hxg4 fxg4 31.Qe8 Rxd5 32.Qc8 Qc6 33.Qxg4 
Kxa6 34.Qc8+ Qb7 35.Qe6 h5 36.Ra1+ Ra5 37.Rxa5+ Kxa5 38.Qa2+ Kb4 39.Qb2+ 
Kc4 40.Qc2+ Kd5 41.Qb3+ Kxd4 42.Qe3+ Kc4 43.Qe2+ Kc5 44.Qc2+ Kd4 45.Qd1+ 
Kc5 46.Qc2+ Kd5 47.Qd3+ Ke5 48.Qg3+ Kf5 49.Qh3+ Kf6 50.Qh4+ Kg6 51.Qg3+ 
Kf7 52.Qf4+ Ke6 53.Qh6+ Kd7 54.Qh7+ Kd6 55.Qg6+ Kc5 56.Qc2+ Kd5 57.Qd3+ 
Ke5 58.Qg3+ Kd4 59.Qe3+ Kc4 60.Qe2+ 1/2-1/2

[Event "zonal 1.5"]
[Site "Panormo GRE"]
[Date "1998.10.26"]
[Round "3"]
[White "Kofidis, Andreas"]
[Black "Damljanovic, Branko"]
[Result "0-1"]
[WhiteElo "2380"]
[BlackElo "2555"]
[EventDate "1998.10.24"]
[PlyCount "78"]

1.e4 c5 2.Nf3 d6 3.d4 cxd4 4.Nxd4 Nf6 5.Nc3 Nc6 6.Nxc6 bxc6 7.Bd3 g6 8.O-O
Bg7 9.Bg5 h6 10.Bd2 e5 11.Qe2 O-O 12.Rad1 Bg4 13.f3 Be6 14.Na4 h5 15.c4 h4
16.Bg5 h3 17.g4 Qc7 18.Qf2 Nh7 19.Be3 Bf6 20.Qg3 Bg5 21.f4 exf4 22.Bxf4 
Bxf4 23.Qxf4 Qa5 24.b3 Qg5 25.Be2 Rad8 26.Rd3 Qxf4 27.Rxf4 Ng5 28.Nc3 Kg7 
29.Bf1 Rh8 30.Kf2 f6 31.Kg3 Nf7 32.Bxh3 Ne5 33.Rd2 g5 34.Rf1 Rh4 35.Bg2 
Rxg4+ 36.Kf2 Rh8 37.Rh1 Rf4+ 38.Kg3 Rh3+ 39.Bxh3 Rf3+ 0-1

[Event "zonal 1.5"]
[Site "Panormo GRE"]
[Date "1998.10.26"]
[Round "3"]
[White "Kotronias, Vasilios"]
[Black "Borg, Geoffrey"]
[Result "1/2-1/2"]
[WhiteElo "2555"]
[BlackElo "2360"]
[EventDate "1998.10.24"]
[PlyCount "76"]

1.e4 c5 2.Nf3 g6 3.d4 Bg7 4.dxc5 Qa5+ 5.c3 Qxc5 6.Be3 Qc7 7.Bd4 Nf6 8.e5 
Nh5 9.Qd2 f6 10.Na3 fxe5 11.Nb5 Qd8 12.Bxe5 Bxe5 13.Nxe5 O-O 14.Bc4+ Kg7 
15.g4 Nf4 16.Nf7 Ng2+ 17.Kf1 Rxf7 18.Bxf7 Nh4 19.Bd5 Nc6 20.Qg5 e6 21.Qxd8
Nxd8 22.Bb3 d5 23.f4 Bd7 24.Nd4 g5 25.Re1 gxf4 26.Bxd5 Kf6 27.g5+ Kxg5 28.
Nf3+ Nxf3 29.Bxf3 Nf7 30.Kf2 Kf6 31.h4 Ne5 32.Be4 Bc6 33.Bxc6 bxc6 34.Rd1 
Kf5 35.Rhg1 Ng4+ 36.Ke2 h5 37.Rd7 f3+ 38.Kd2 Rf8 1/2-1/2

[Event "zonal 1.5"]
[Site "Panormo GRE"]
[Date "1998.10.26"]
[Round "3"]
[White "Nikolaidis, Ioannis"]
[Black "Karagiannis, Athanasios"]
[Result "1-0"]
[WhiteElo "2530"]
[BlackElo "2365"]
[EventDate "1998.10.24"]
[PlyCount "120"]

1.d4 Nf6 2.c4 e6 3.Nc3 d5 4.Bg5 Be7 5.Nf3 O-O 6.Qc2 b6 7.cxd5 exd5 8.e3 
Bb7 9.Bxf6 Bxf6 10.O-O-O g6 11.h4 Nd7 12.h5 Qe7 13.Rh3 Rfc8 14.Bd3 Nf8 15.
hxg6 hxg6 16.Rdh1 c5 17.Kb1 c4 18.Be2 Bc6 19.Nh2 Bg7 20.Bf3 Rd8 21.Ng4 Ne6
22.Qc1 Ng5 23.Rh4 b5 24.Qg1 Qd6 25.Ne2 Bd7 26.Ng3 Bxg4 27.Bxg4 c3 28.f4 
Qb4 29.Qf2 Ne4 30.Nxe4 dxe4 31.f5 Rd6 32.fxg6 fxg6 33.Bd1 Rf6 34.Qe2 Rd8 
35.Bb3+ Kf8 36.Rxe4 cxb2 37.g4 Rc8 38.g5 Rc1+ 39.Rxc1 bxc1=Q+ 40.Kxc1 Rf5 
41.Kb2 Qd6 42.Qc2 Rc5 43.Rf4+ Ke8 44.Qe4+ Kd8 45.Qb7 Qc7 46.Qa8+ Qc8 47.
Qxa7 b4 48.Qb6+ Qc7 49.Qxc7+ Rxc7 50.Rf7 Rxf7 51.Bxf7 Bf8 52.Kc2 Be7 53.
Kd3 Bxg5 54.e4 Bh4 55.Bxg6 Bf2 56.e5 Bg3 57.Ke4 Bf2 58.Bh5 Ke7 59.Bg4 Bg1 
60.d5 Bc5 1-0

[Event "zonal 1.5"]
[Site "Panormo GRE"]
[Date "1998.10.26"]
[Round "3"]
[White "Grivas, Efstratios"]
[Black "Olcayoz, Alper"]
[Result "1-0"]
[WhiteElo "2520"]
[BlackElo "2345"]
[EventDate "1998.10.24"]
[PlyCount "81"]

1.d4 Nf6 2.Nf3 e6 3.Bg5 d5 4.e3 c5 5.c3 Qb6 6.Qb3 Ne4 7.Bf4 Bd6 8.Bxd6 
Qxd6 9.Nbd2 Nxd2 10.Nxd2 O-O 11.Qa3 b6 12.Nb3 Nd7 13.Bb5 e5 14.O-O Qg6 15.
Kh1 exd4 16.cxd4 c4 17.Nd2 Nf6 18.Nf3 Be6 19.Ne5 Qh6 20.f3 a6 21.Bc6 Rab8 
22.Rae1 a5 23.Kg1 Kh8 24.Rf2 g6 25.e4 Qg7 26.exd5 Bxd5 27.Bxd5 Nxd5 28.Nd7
Nb4 29.Nxb8 Rxb8 30.Rd2 Rd8 31.Qe3 Qf6 32.Qe7 Kg7 33.Qxf6+ Kxf6 34.a4 Nd3 
35.Re4 Kg7 36.d5 f5 37.Rxc4 Nb4 38.d6 Kf6 39.Rc7 h5 40.Rb7 Ke6 41.Rxb6 1-0

[Event "zonal 1.5"]
[Site "Panormo GRE"]
[Date "1998.10.26"]
[Round "3"]
[White "Stefanopoulos, Orestis"]
[Black "Zaichik, Gennadi"]
[Result "0-1"]
[WhiteElo "2320"]
[BlackElo "2505"]
[EventDate "1998.10.24"]
[PlyCount "140"]

1.e4 d6 2.d4 g6 3.Nf3 Bg7 4.Bd3 Nf6 5.O-O O-O 6.c3 c5 7.h3 Nc6 8.d5 Ne5 9.
Nxe5 dxe5 10.c4 Nh5 11.Re1 e6 12.Nc3 f5 13.Be3 b6 14.f3 Bf6 15.Qd2 Bh4 16.
Red1 exd5 17.cxd5 f4 18.Bf2 Bxf2+ 19.Qxf2 a6 20.a4 Qd6 21.Nb1 Bd7 22.Na3 
Qf6 23.a5 Qg5 24.Kf1 Ng3+ 25.Ke1 Nh1 26.Qf1 Qh4+ 27.Kd2 Nf2 28.Rdc1 Nxd3 
29.Kxd3 Rab8 30.Nc4 bxa5 31.Rxa5 Rb3+ 32.Kc2 Rb5 33.Rxa6 Rfb8 34.Rca1 Rb4 
35.Ra8 Qd8 36.Rxb8 Qxb8 37.Ra2 Bb5 38.b3 Kg7 39.Qd3 Kh6 40.Qc3 Bxc4 41.
bxc4 Qe8 42.Ra5 Qe7 43.Rb5 Ra4 44.Ra5 Rb4 45.Rb5 Ra4 46.Kb3 Ra8 47.Qb2 Qa7
48.Kc3 Qa4 49.Qc1 Qa2 50.Rb2 Qa3+ 51.Kd2 Qe3+ 52.Kc2 Qd4 53.Kb1 Ra4 54.Qd2
Qg1+ 55.Kc2 Rxc4+ 56.Kb3 Rd4 57.Qf2 Qd1+ 58.Qc2 Rb4+ 59.Ka2 Ra4+ 60.Kb3 
Qd4 61.Qe2 Ra1 62.Kc2 Ra3 63.Kb1 c4 64.Qe1 Kh5 65.d6 Qd3+ 66.Rc2 Qb3+ 67.
Rb2 Qa4 68.Kc1 Ra1+ 69.Rb1 Qa3+ 70.Kc2 Ra2+ 0-1

[Event "zonal 1.5"]
[Site "Panormo GRE"]
[Date "1998.10.26"]
[Round "3"]
[White "Drasko, Milan"]
[Black "Shengelia, Davit"]
[Result "1/2-1/2"]
[WhiteElo "2515"]
[BlackElo "2310"]
[EventDate "1998.10.24"]
[PlyCount "80"]

1.d4 Nf6 2.c4 g6 3.g3 c6 4.Bg2 d5 5.cxd5 cxd5 6.Nf3 Bg7 7.Ne5 O-O 8.Nc3 e6
9.O-O Nbd7 10.f4 b6 11.b3 Ba6 12.Ba3 Re8 13.Qd2 Rc8 14.Rfc1 Bf8 15.Bxf8 
Rxf8 16.Bf3 Qe7 17.g4 h6 18.Qe3 Rc7 19.Nd1 Rfc8 20.Rxc7 Rxc7 21.Rc1 Rxc1 
22.Qxc1 Qb4 23.Qc3 Qxc3 24.Nxc3 Nxe5 25.fxe5 Nh7 26.Kf2 f6 27.Ke3 Kf7 28.
a4 Ke7 29.Na2 Nf8 30.Nb4 Bb7 31.Nd3 Nd7 32.exf6+ Kxf6 33.Kf4 g5+ 34.Ke3 a5
35.Kd2 e5 36.dxe5+ Nxe5 37.Ne1 Nd7 38.Kc3 Nc5 39.Nc2 Ke5 40.Nd4 Ne6 
1/2-1/2

[Event "zonal 1.5"]
[Site "Panormo GRE"]
[Date "1998.10.26"]
[Round "3"]
[White "Supatashvili, Khvicha"]
[Black "Karatekin, Tamer"]
[Result "1-0"]
[WhiteElo "2495"]
[BlackElo "2325"]
[EventDate "1998.10.24"]
[PlyCount "120"]

1.d4 d5 2.c4 c6 3.e3 Bf5 4.Nc3 e6 5.Nf3 Nf6 6.Nh4 Bg4 7.Qb3 Qb6 8.h3 Bh5 
9.g4 Bg6 10.Nxg6 hxg6 11.Bg2 Nbd7 12.Bd2 Be7 13.O-O-O O-O-O 14.Qa4 Kb8 15.
c5 Qc7 16.f4 b6 17.b4 b5 18.Qb3 Ka8 19.Kc2 Rb8 20.Ra1 Kb7 21.a4 a6 22.Ra3 
Kc8 23.axb5 axb5 24.Rha1 Rb7 25.Qb1 Nb8 26.Qf1 Qd7 27.Bf3 Ne8 28.Ne2 g5 
29.Nc1 Bf6 30.Kc3 Qe7 31.Nd3 g6 32.Bg2 Rf8 33.Qf2 Nc7 34.Kc2 Bg7 35.fxg5 
Qxg5 36.e4 Qd8 37.e5 f6 38.exf6 Bxf6 39.Qe3 Nd7 40.g5 Bg7 41.h4 Rf7 42.Bc3
Qh8 43.Rh1 Qh5 44.Raa1 Qg4 45.Bh3 Qe4 46.Rae1 Qxe3 47.Rxe3 Re7 48.Rf1 Ra7 
49.Kb3 Kd8 50.Nf4 Nf8 51.Rff3 Kd7 52.Bf1 Ra8 53.Bd3 e5 54.dxe5 Nce6 55.
Nxe6 Nxe6 56.Bxg6 d4 57.Rd3 Kc7 58.Bd2 Bxe5 59.Rf5 Bg7 60.h5 Nf8 1-0

[Event "zonal 1.5"]
[Site "Panormo GRE"]
[Date "1998.10.26"]
[Round "3"]
[White "Gogolis, Alexandros"]
[Black "Ivanisevic, Ivan"]
[Result "0-1"]
[WhiteElo "2260"]
[BlackElo "2475"]
[EventDate "1998.10.24"]
[PlyCount "86"]

1.d4 c5 2.d5 Nf6 3.Nf3 b5 4.Bg5 Ne4 5.Bh4 Bb7 6.Qd3 Qa5+ 7.c3 Nf6 8.e4 c4 
9.Qc2 e6 10.dxe6 dxe6 11.Nbd2 Nbd7 12.Be2 Bd6 13.O-O Qc7 14.a4 a6 15.axb5 
axb5 16.Rxa8+ Bxa8 17.Re1 O-O 18.Bf1 Ng4 19.h3 Nge5 20.Nd4 Rb8 21.Bg5 Nc5 
22.Ra1 Ned3 23.Be3 Nxe4 24.Bxd3 cxd3 25.Qxd3 Nxd2 26.Qxd2 Bd5 27.Nf5 Bh2+ 
28.Kh1 Rd8 29.Nd4 Be5 30.f4 Bf6 31.b4 Qd7 32.Kh2 h6 33.Rf1 Ra8 34.Rc1 Qb7 
35.Kg1 Ra2 36.Rc2 Ra1+ 37.Kh2 e5 38.fxe5 Bxe5+ 39.Bf4 Qc7 40.Kg3 Rf1 41.
Nf3 Bxf3 42.gxf3 Bxf4+ 43.Qxf4 Rg1+ 0-1

[Event "zonal 1.5"]
[Site "Panormo GRE"]
[Date "1998.10.26"]
[Round "3"]
[White "Karadeniz, Emre"]
[Black "Vouldis, Angelos"]
[Result "0-1"]
[WhiteElo "2220"]
[BlackElo "2475"]
[EventDate "1998.10.24"]
[PlyCount "71"]

1.e4 c5 2.Nf3 d6 3.d4 cxd4 4.Nxd4 Nf6 5.f3 e5 6.Nb3 Be7 7.c4 O-O 8.Be3 a5 
9.Be2 a4 10.N3d2 Qa5 11.Na3 Bd8 12.Nc2 Nc6 13.Kf2 Bb6 14.Nf1 Be6 15.Qd2 
Bxe3+ 16.Qxe3 Nd7 17.g4 Nc5 18.Ng3 Qb6 19.Rab1 Nd4 20.Na3 g6 21.Nf5 f6 22.
Ne7+ Kg7 23.Rhg1 Rf7 24.Nd5 Bxd5 25.cxd5 Kh8 26.Kg2 f5 27.gxf5 gxf5 28.Nc4
Qc7 29.Kh1 Raf8 30.Nd2 Qe7 31.Rbf1 Qh4 32.f4 fxe4 33.fxe5 Nxe2 34.Rxf7 
Rxf7 35.Qg5 Qxg5 36.Rxg5 0-1

[Event "zonal 1.5"]
[Site "Panormo GRE"]
[Date "1998.10.26"]
[Round "3"]
[White "Seitaj, Ilir"]
[Black "Sargissian, Gabriel"]
[Result "1/2-1/2"]
[WhiteElo "2395"]
[BlackElo "2290"]
[EventDate "1998.10.24"]
[PlyCount "114"]

1.e4 c5 2.c3 d6 3.d4 Nf6 4.dxc5 Nc6 5.f3 d5 6.exd5 Nxd5 7.Bc4 e6 8.Bxd5 
Qxd5 9.Qxd5 exd5 10.Be3 Ne5 11.b3 Nd3+ 12.Kd2 Nxc5 13.Ne2 b6 14.Na3 Ba6 
15.Nd4 O-O-O 16.Nab5 Bxb5 17.Nxb5 Kb7 18.Rhe1 Ne6 19.Nd4 Bd6 20.Nxe6 fxe6 
21.Bd4 Rde8 22.Be5 Kc6 23.Re2 Rhg8 24.Rae1 g5 25.Kd3 Rgf8 26.c4 dxc4+ 27.
Kxc4 Rf5 28.b4 h6 29.Bc3 Kd7 30.a4 Rc8+ 31.Kb3 Rd5 32.Rc2 Rd3 33.h3 a5 34.
bxa5 bxa5 35.Re4 Rd1 36.Rd4 Rb8+ 37.Kc4 Rdb1 38.Bxa5 e5 39.Rd5 Ke6 40.Rb5 
Rc8+ 41.Kd3 Rxc2 42.Rxb1 Ra2 43.Bc3 Rxa4 44.Ra1 Rxa1 45.Bxa1 Kf5 46.Bc3 h5
47.Bd2 g4 48.fxg4+ hxg4 49.h4 e4+ 50.Ke2 Kg6 51.Ke3 Kh5 52.Be1 g3 53.Kxe4 
Kxh4 54.Kf5 Bb8 55.Bd2 Kh5 56.Bf4 Bxf4 57.Kxf4 Kg6 1/2-1/2

[Event "zonal 1.5"]
[Site "Panormo GRE"]
[Date "1998.10.26"]
[Round "3"]
[White "Simeonidis, Ioannis"]
[Black "Khachian, Melikset"]
[Result "1-0"]
[WhiteElo "2310"]
[BlackElo "2370"]
[EventDate "1998.10.24"]
[PlyCount "85"]

1.Nf3 Nf6 2.c4 d5 3.cxd5 Nxd5 4.d4 g6 5.e4 Nb6 6.Bb5+ c6 7.Be2 Bg7 8.O-O 
Bg4 9.Nbd2 O-O 10.h3 Bxf3 11.Nxf3 N8d7 12.a4 e5 13.a5 Nc8 14.a6 b6 15.Bg5 
Bf6 16.Bh6 Re8 17.Rc1 exd4 18.Nxd4 Ne7 19.f4 Nc5 20.e5 Bg7 21.Bxg7 Kxg7 
22.Bf3 Rc8 23.Rf2 Qc7 24.b4 Nxa6 25.b5 Nc5 26.bxc6 Rcd8 27.Rd2 a6 28.Qe1 
Ne6 29.Nxe6+ fxe6 30.Rcd1 Nd5 31.Bxd5 exd5 32.Rxd5 Rxd5 33.Rxd5 Qxc6 34.
Qd2 Re7 35.Kh2 Rf7 36.Qd4 Kh6 37.Rd6 Qc1 38.Rf6 Rxf6 39.exf6 Qc7 40.h4 a5 
41.Qe5 Qxe5 42.fxe5 g5 43.h5 1-0

[Event "zonal 1.5"]
[Site "Panormo GRE"]
[Date "1998.10.26"]
[Round "3"]
[White "Kagas, Konstantinos"]
[Black "Kovacevic, Aleksandar"]
[Result "0-1"]
[WhiteElo "2140"]
[BlackElo "2495"]
[EventDate "1998.10.24"]
[PlyCount "85"]

1.d4 c5 2.e3 Nf6 3.Nf3 g6 4.Be2 Bg7 5.O-O cxd4 6.exd4 d5 7.Bf4 Qb6 8.Nc3 
O-O 9.h3 Nc6 10.Nb5 Ne8 11.Nc3 e6 12.Na4 Qd8 13.Qd2 Nd6 14.Bh6 Ne4 15.Qc1 
Nxd4 16.Nxd4 Bxd4 17.Bxf8 Qxf8 18.Bd3 Nd6 19.c3 Bg7 20.Nc5 b6 21.Nb3 Bb7 
22.Qd1 Qd8 23.Qe2 h5 24.Rfd1 e5 25.Ba6 Bc6 26.a4 Qe8 27.a5 b5 28.Re1 Rb8 
29.Nc5 Ba8 30.Nd3 d4 31.Nb4 dxc3 32.bxc3 e4 33.Rac1 Nc4 34.f3 e3 35.Qd3 
Qe5 36.Qd7 Qg3 37.Nc6 Bxc6 38.Qxc6 Be5 39.f4 Bxf4 40.Bxb5 Nd2 41.Rxe3 
Bxe3+ 42.Kh1 Nf3 43.Qc7 0-1

[Event "zonal 1.5"]
[Site "Panormo GRE"]
[Date "1998.10.26"]
[Round "3"]
[White "Borg, Andrew"]
[Black "Mchedlishvili, Mikheil"]
[Result "0-1"]
[WhiteElo "2150"]
[BlackElo "2390"]
[EventDate "1998.10.24"]
[PlyCount "71"]

1.d4 Nf6 2.c4 g6 3.Nc3 Bg7 4.e4 d6 5.f4 O-O 6.Nf3 c5 7.dxc5 Qa5 8.Bd3 Qxc5
9.Qe2 Nc6 10.Be3 Qa5 11.O-O Bg4 12.Rac1 Nd7 13.Qf2 Bxf3 14.gxf3 Nc5 15.Bb1
Na4 16.Nxa4 Qxa4 17.b3 Qa5 18.Rfd1 Rfd8 19.Kh1 Qc7 20.Rg1 e6 21.f5 Qe7 22.
Rcd1 Rd7 23.h4 Kh8 24.Bg5 Bf6 25.f4 Rg8 26.fxg6 fxg6 27.Rd3 Rdd8 28.Qh2 e5
29.Rf3 exf4 30.Qxf4 Bxg5 31.hxg5 Rgf8 32.Qg3 Rxf3 33.Qxf3 Rf8 34.Qe3 b6 
35.Bd3 Qe5 36.Rf1 0-1

[Event "zonal 1.5"]
[Site "Panormo GRE"]
[Date "1998.10.26"]
[Round "3"]
[White "Petsetidi, Maria"]
[Black "Karapanos, Nikolaos"]
[Result "0-1"]
[WhiteElo "2090"]
[BlackElo "2245"]
[EventDate "1998.10.24"]
[PlyCount "84"]

1.e4 c5 2.Nf3 d6 3.d4 cxd4 4.Nxd4 Nf6 5.Nc3 a6 6.Bg5 e6 7.f4 Be7 8.Qf3 Qc7
9.O-O-O Nbd7 10.g4 b5 11.Bxf6 gxf6 12.Bh3 b4 13.Nce2 Bb7 14.g5 Nc5 15.Ng3 
O-O-O 16.f5 e5 17.Nb3 Kb8 18.Nxc5 Qxc5 19.Bg2 Rc8 20.Rd2 fxg5 21.f6 Bf8 
22.Nf5 h5 23.Qb3 Rc7 24.Rhd1 g4 25.Kb1 Rd7 26.Qa4 Bc6 27.Qb3 Bh6 28.Rd3 
Bf4 29.Nxd6 Rf8 30.h3 a5 31.Qc4 Qxc4 32.Nxc4 Rxd3 33.Rxd3 Bb5 34.Nxe5 Bxd3
35.Nd7+ Kc7 36.Nxf8 Be2 37.hxg4 hxg4 38.Nh7 Bf3 39.Bf1 Bxe4 40.Nf8 g3 41.
Bh3 g2 42.Bxg2 Bxg2 0-1

[Event "zonal 1.5"]
[Site "Panormo GRE"]
[Date "1998.10.27"]
[Round "4"]
[White "Gelashvili, Tamaz"]
[Black "Kotronias, Vasilios"]
[Result "0-1"]
[WhiteElo "2510"]
[BlackElo "2555"]
[EventDate "1998.10.24"]
[PlyCount "64"]

1.Nf3 Nf6 2.g3 g6 3.Bg2 Bg7 4.O-O O-O 5.d4 d6 6.a4 c6 7.Nbd2 d5 8.c3 a5 9.
Ne5 Be6 10.h3 Nbd7 11.f4 Ne4 12.Nxe4 dxe4 13.g4 f5 14.Nxd7 Qxd7 15.g5 b5 
16.axb5 cxb5 17.e3 Bc4 18.Re1 Qd5 19.Bf1 Bxf1 20.Rxf1 Rfc8 21.h4 h5 22.
gxh6 Bxh6 23.Bd2 Bg7 24.Rf2 Kf7 25.Rh2 Bf6 26.Be1 a4 27.Qe2 Rh8 28.h5 gxh5
29.Rxh5 Rag8+ 30.Kf1 Kf8 31.Rxh8 Rxh8 32.Rc1 Qg8 0-1

[Event "zonal 1.5"]
[Site "Panormo GRE"]
[Date "1998.10.27"]
[Round "4"]
[White "Ivanisevic, Ivan"]
[Black "Bagaturov, Giorgi"]
[Result "0-1"]
[WhiteElo "2475"]
[BlackElo "2540"]
[EventDate "1998.10.24"]
[PlyCount "68"]

1.d4 Nf6 2.c4 e6 3.Nc3 Bb4 4.Qc2 O-O 5.e4 c5 6.e5 cxd4 7.a3 dxc3 8.axb4 
cxb2 9.Bxb2 Ne8 10.Nf3 d5 11.b5 f5 12.cxd5 exd5 13.Bd3 Qc7 14.Qb3 Be6 15.
Rc1 Qa5+ 16.Bc3 Qd8 17.Bb4 Rf7 18.Nd4 Qd7 19.O-O g6 20.Qc2 Ng7 21.Bd6 Qe8 
22.b6 a6 23.Qb3 Nd7 24.Rc7 Rd8 25.f4 Nf8 26.Be2 Rfd7 27.Bf3 Bf7 28.Bxd5 
Nfe6 29.Nxe6 Nxe6 30.Qc4 Nxc7 31.bxc7 Rxc7 32.Qxc7 Bxd5 33.Rc1 Bc6 34.Qa5 
Rxd6 0-1

[Event "zonal 1.5"]
[Site "Panormo GRE"]
[Date "1998.10.27"]
[Round "4"]
[White "Vouldis, Angelos"]
[Black "Nikolaidis, Ioannis"]
[Result "0-1"]
[WhiteElo "2475"]
[BlackElo "2530"]
[EventDate "1998.10.24"]
[PlyCount "76"]

1.e4 e6 2.d4 d5 3.Nc3 Bb4 4.e5 c5 5.a3 Ba5 6.b4 cxd4 7.Nb5 Bc7 8.f4 Nc6 9.
Qg4 Kf8 10.Nf3 a6 11.Nbxd4 Nxd4 12.Nxd4 Bb6 13.Bb2 Ne7 14.Bd3 Bd7 15.O-O-O
a5 16.f5 h5 17.Qf4 Bxd4 18.Bxd4 Nxf5 19.Bxf5 exf5 20.Bc5+ Kg8 21.Rxd5 Qe8 
22.Rd6 Be6 23.Rhd1 Qa4 24.Kb2 axb4 25.Bxb4 Rh6 26.Rd8+ Rxd8 27.Rxd8+ Kh7 
28.g3 Qc6 29.Rd6 Qh1 30.Bd2 Qxh2 31.Qh4 Qxh4 32.gxh4 Rg6 33.Bg5 Rxg5 34.
hxg5 Kg6 35.Rb6 h4 36.Rxb7 h3 37.Rb8 f4 38.Kc3 Bg4 0-1

[Event "zonal 1.5"]
[Site "Panormo GRE"]
[Date "1998.10.27"]
[Round "4"]
[White "Tosic, Miroslav"]
[Black "Lobzhanidze, Davit"]
[Result "1-0"]
[WhiteElo "2525"]
[BlackElo "2455"]
[EventDate "1998.10.24"]
[PlyCount "71"]

1.d4 d5 2.g3 Nf6 3.Bg2 e6 4.Nf3 Be7 5.O-O O-O 6.b3 b6 7.Bb2 Bb7 8.Nbd2 c5 
9.e3 Nbd7 10.Qe2 Rc8 11.c4 Qc7 12.Rac1 Qb8 13.cxd5 Nxd5 14.e4 N5f6 15.e5 
Nd5 16.Ne4 b5 17.Nd6 Bxd6 18.exd6 Qxd6 19.dxc5 Nxc5 20.Ne5 f6 21.Nf3 Ba6 
22.Nd2 Nb6 23.Ne4 Nxe4 24.Bxe4 Nd5 25.Rxc8 Rxc8 26.Rd1 b4 27.Qh5 f5 28.Bf3
Qe7 29.Re1 Qf7 30.Qg5 Bb7 31.Rxe6 h6 32.Qg6 Nf4 33.Qxf7+ Kxf7 34.Bxb7 Rc2 
35.Re5 Ng6 36.Bd5+ 1-0

[Event "zonal 1.5"]
[Site "Panormo GRE"]
[Date "1998.10.27"]
[Round "4"]
[White "Minasian, Ara"]
[Black "Grivas, Efstratios"]
[Result "1-0"]
[WhiteElo "2450"]
[BlackElo "2520"]
[EventDate "1998.10.24"]
[PlyCount "77"]

1.e4 c5 2.Nf3 Nc6 3.Bb5 d6 4.O-O Bd7 5.c3 Nf6 6.Re1 a6 7.Ba4 c4 8.d4 cxd3 
9.Bg5 e6 10.Qxd3 Be7 11.Bxf6 gxf6 12.Bxc6 bxc6 13.c4 c5 14.Nc3 O-O 15.Rad1
Ra7 16.Nd2 Kh8 17.Re3 Rg8 18.Rg3 Rg6 19.f4 Qg8 20.Nf1 Bc6 21.Qe2 Qg7 22.
Rdd3 Qh6 23.Rxg6 fxg6 24.f5 Qf4 25.fxe6 Qe5 26.Qg4 Kg7 27.Ne3 h5 28.Qg3 
Qxg3 29.hxg3 Bb7 30.Ned5 Bc8 31.Nxe7 Rxe7 32.Rxd6 Rxe6 33.Rxe6 Bxe6 34.b3 
Bd7 35.Nd5 g5 36.Nc7 Bc8 37.Ne8+ Kg6 38.Nd6 Bg4 39.Nb7 1-0

[Event "zonal 1.5"]
[Site "Panormo GRE"]
[Date "1998.10.27"]
[Round "4"]
[White "Zaichik, Gennadi"]
[Black "Cela, Altin"]
[Result "0-1"]
[WhiteElo "2505"]
[BlackElo "2450"]
[EventDate "1998.10.24"]
[PlyCount "66"]

1.g3 g6 2.Bg2 Bg7 3.d4 Nf6 4.e4 O-O 5.Nc3 d6 6.Nge2 Na6 7.h3 Rb8 8.a4 e5 
9.Be3 exd4 10.Nxd4 Re8 11.Ndb5 b6 12.Nxa7 Bb7 13.O-O Ra8 14.e5 Bxg2 15.
Kxg2 Rxa7 16.exf6 Bxf6 17.Nd5 Bxb2 18.Rb1 Bg7 19.a5 Rb7 20.axb6 c6 21.Qd3 
Nc5 22.Bxc5 dxc5 23.Ne3 Bd4 24.Nc4 Qd5+ 25.Kg1 Ra8 26.Ne3 Qe6 27.Rfe1 Qxh3
28.Qe4 Rab8 29.Qxc6 h5 30.Nf1 h4 31.Re8+ Kg7 32.c3 Bxf2+ 33.Kxf2 Qf5+ 0-1

[Event "zonal 1.5"]
[Site "Panormo GRE"]
[Date "1998.10.27"]
[Round "4"]
[White "Papaioannou, Ioannis"]
[Black "Dervishi, Erald"]
[Result "0-1"]
[WhiteElo "2520"]
[BlackElo "2430"]
[EventDate "1998.10.24"]
[PlyCount "84"]

1.d4 Nf6 2.Nf3 e6 3.c4 d5 4.e3 Be7 5.Nc3 O-O 6.Bd3 b6 7.O-O Bb7 8.Qe2 Nbd7
9.e4 dxe4 10.Nxe4 Nxe4 11.Bxe4 Bxe4 12.Qxe4 c5 13.Rd1 Nf6 14.Qe2 Qc7 15.
Bg5 Rfd8 16.b3 h6 17.Bh4 cxd4 18.Nxd4 Qc5 19.Nf3 Rac8 20.h3 Qf5 21.Nd4 Qf4
22.Bg3 Qe4 23.f3 Qg6 24.Be5 Bc5 25.Kh1 Nh5 26.Nb5 a6 27.Na7 Ra8 28.Rxd8+ 
Rxd8 29.b4 Bd6 30.Bxd6 Rxd6 31.Qe3 Ng3+ 32.Kh2 Nf5 33.Qf2 Qf6 34.c5 Rd7 
35.Rc1 Rxa7 36.cxb6 Rb7 37.Rc8+ Kh7 38.Qc5 Qd4 39.Rc6 Qf4+ 40.Kh1 Rd7 41.
Qc1 Ne3 42.Rc8 Qg3 0-1

[Event "zonal 1.5"]
[Site "Panormo GRE"]
[Date "1998.10.27"]
[Round "4"]
[White "Chibukhchian, Artur"]
[Black "Supatashvili, Khvicha"]
[Result "1/2-1/2"]
[WhiteElo "2415"]
[BlackElo "2495"]
[EventDate "1998.10.24"]
[PlyCount "80"]

1.d4 e6 2.c4 f5 3.Nf3 Nf6 4.Nc3 Bb4 5.Qc2 b6 6.g3 Bb7 7.Bg2 Be4 8.Qb3 Nc6 
9.O-O Bxc3 10.Qxc3 O-O 11.Rd1 Ne7 12.b3 Ng6 13.Bg5 h6 14.Bxf6 Qxf6 15.Ne5 
Rad8 16.Nxg6 Qxg6 17.f3 Bb7 18.f4 Bxg2 19.Kxg2 d6 20.Qf3 Rf7 21.Rd2 Re8 
22.Qc6 Rfe7 23.Re1 Qh5 24.e4 e5 25.fxe5 dxe5 26.exf5 exd4 27.Rxe7 Rxe7 28.
Qd5+ Kh7 29.Qxd4 Qxf5 30.Rf2 Qb1 31.Qd5 c5 32.Qf5+ Qxf5 33.Rxf5 Kg6 34.Rf2
Re1 35.Rd2 Kf6 36.Kf3 Ke6 37.h4 g6 38.Kf4 Rf1+ 39.Ke4 h5 40.Ke3 Rf8 
1/2-1/2

[Event "zonal 1.5"]
[Site "Panormo GRE"]
[Date "1998.10.27"]
[Round "4"]
[White "Minasian, Artashes"]
[Black "Gogolis, Alexandros"]
[Result "1-0"]
[WhiteElo "2620"]
[BlackElo "2260"]
[EventDate "1998.10.24"]
[PlyCount "77"]

1.e4 c5 2.Nc3 Nc6 3.f4 e6 4.Nf3 Nge7 5.d4 Nxd4 6.Nxd4 cxd4 7.Qxd4 Nc6 8.
Qf2 Bb4 9.Bd2 O-O 10.O-O-O d5 11.Bd3 d4 12.Ne2 Bxd2+ 13.Rxd2 e5 14.fxe5 
Be6 15.a3 Qa5 16.Nxd4 Nxd4 17.Qxd4 Rfd8 18.Qe3 Qxe5 19.h3 b6 20.Rhd1 Kf8 
21.Be2 Ke7 22.Rxd8 Rxd8 23.Rxd8 Kxd8 24.c3 f6 25.Bg4 Bb3 26.Kd2 Qd6+ 27.
Qd4 Ke7 28.Ke2 Bf7 29.Qa4 Qc7 30.Qb4+ Qd6 31.Ke3 Qxb4 32.axb4 Kd6 33.Kd4 
Bb3 34.c4 Ba2 35.b5 Bb3 36.Be2 g5 37.Bd3 h6 38.Be2 Ba2 39.b4 1-0

[Event "zonal 1.5"]
[Site "Panormo GRE"]
[Date "1998.10.27"]
[Round "4"]
[White "Shengelia, Davit"]
[Black "Miladinovic, Igor"]
[Result "0-1"]
[WhiteElo "2310"]
[BlackElo "2555"]
[EventDate "1998.10.24"]
[PlyCount "72"]

1.e4 c5 2.Nf3 Nc6 3.d4 cxd4 4.Nxd4 Qc7 5.Nc3 e6 6.g3 a6 7.Bg2 Nge7 8.O-O 
Nxd4 9.Qxd4 Nc6 10.Qd2 Be7 11.b3 O-O 12.Bb2 d6 13.Ne2 b5 14.Qc3 e5 15.a3 
Bf6 16.Qd2 Bb7 17.f4 Rac8 18.g4 Bh4 19.f5 h6 20.Rf3 Bg5 21.Qe1 Qb6+ 22.Kh1
Nd4 23.Nxd4 exd4 24.c3 Rfe8 25.Rd3 dxc3 26.Bxc3 Rxc3 27.Rxc3 Bf6 28.Rac1 
Bxc3 29.Rxc3 Bxe4 30.Bxe4 d5 31.Qe3 d4 32.Qg1 Rxe4 33.Rc8+ Kh7 34.g5 g6 
35.fxg6+ Qxg6 36.Qf2 Re3 0-1

[Event "zonal 1.5"]
[Site "Panormo GRE"]
[Date "1998.10.27"]
[Round "4"]
[White "Gligoric, Svetozar"]
[Black "Simeonidis, Ioannis"]
[Result "1/2-1/2"]
[WhiteElo "2495"]
[BlackElo "2310"]
[EventDate "1998.10.24"]
[PlyCount "87"]

1.d4 Nf6 2.c4 g6 3.Nc3 Bg7 4.e4 d6 5.Nf3 O-O 6.Be2 e5 7.O-O Nc6 8.d5 Ne7 
9.b4 a5 10.bxa5 c5 11.a4 Rxa5 12.Ra3 Kh8 13.Ne1 Nd7 14.Nb5 Ra6 15.Nd3 f5 
16.exf5 Nxf5 17.f4 Nd4 18.Bg4 Nf6 19.Bxc8 Qxc8 20.fxe5 dxe5 21.Nxe5 Ne4 
22.Nxd4 Rxf1+ 23.Qxf1 cxd4 24.Nf7+ Kg8 25.Ng5 Rf6 26.Rf3 Rxf3 27.Nxf3 Nd6 
28.Bf4 Nxc4 29.Qe2 Nb6 30.d6 h6 31.a5 Nd5 32.Bg3 Kh7 33.h3 Qd7 34.Qe4 Nf6 
35.Qxd4 Nh5 36.Be5 Bf8 37.g4 Ng7 38.Bg3 Ne8 39.Qd5 Bxd6 40.Kg2 Qe7 41.Ne5 
Nf6 42.Qf7+ Qxf7 43.Nxf7 Bb4 44.Nd8 1/2-1/2

[Event "zonal 1.5"]
[Site "Panormo GRE"]
[Date "1998.10.27"]
[Round "4"]
[White "Kovacevic, Aleksandar"]
[Black "Sargissian, Gabriel"]
[Result "1/2-1/2"]
[WhiteElo "2495"]
[BlackElo "2290"]
[EventDate "1998.10.24"]
[PlyCount "89"]

1.e4 c5 2.Nf3 d6 3.d4 cxd4 4.Nxd4 Nf6 5.Nc3 Nc6 6.Bc4 Qb6 7.Nb3 e6 8.Bf4 
Ne5 9.Be2 Bd7 10.Be3 Qc7 11.Nb5 Bxb5 12.Bxb5+ Nc6 13.Bd3 d5 14.exd5 Nxd5 
15.Bd2 Bd6 16.g3 O-O 17.c3 Ne5 18.Be2 Rfd8 19.O-O Be7 20.Qc2 Rac8 21.Rad1 
a6 22.Bc1 b5 23.Qe4 Nf6 24.Qg2 Nd5 25.a3 Rb8 26.Rfe1 Nc4 27.Bf3 Nf6 28.Be2
e5 29.Rxd8+ Rxd8 30.Rd1 Rxd1+ 31.Bxd1 e4 32.Be2 h6 33.Qh3 Ne5 34.Bf4 Qd7 
35.Qxd7 Nfxd7 36.Kf1 Bg5 37.Bxe5 Nxe5 38.Nc5 Bc1 39.Nxa6 Bxb2 40.Bxb5 Bxc3
41.Nc5 f5 42.Nb3 Nf3 43.h3 Nd2+ 44.Nxd2 Bxd2 45.Ke2 1/2-1/2